000 00490nam a2200181 a 4500
001 3114
005 20140414132004.0
008 060201s19uu xx 00 eng d
020 _a0-590-99639-8
050 _aTR
_bAr1 1986
100 _aBrown, Marc
245 _aArthur's teacher trouble /
_cMarc Brown.
260 _aNew York :
_bA Trumpet Club Special Edition,
_c1986.
300 _a1 v. p. ; cm.
440 _aAn Arthure adventure
650 _aTeachers
_xFiction.
999 _c113124
_d113124